|
|
|
|
| LEADER |
00755nam a22001817a 4500 |
| 005 |
20151026133326.0 |
| 008 |
140110b xxu||||| |||| 00| 0 eng d |
| 080 |
|
|
|a 338.439.64
|b THU T
|
| 100 |
|
|
|a Thulaseedharan Nair, K
|
| 245 |
|
|
|a Targeted public distribution system in food grains:extent of utilization by the tribal population in Kerala
|c K Thulaseedharen Nair; guided by M Bhasi
|
| 260 |
|
|
|a Kochi
|b School of Management Studies; Cusat
|c 2008
|
| 300 |
|
|
|a xiii, 206p.
|
| 653 |
|
|
|a Food rationing
|
| 653 |
|
|
|a Public distribution system - Kerala
|
| 700 |
|
|
|a Bhasi, M; guided by.
|9 18294
|
| 942 |
|
|
|c TH
|6 _
|
| 999 |
|
|
|c 68276
|d 68276
|
| 952 |
|
|
|0 0
|1 0
|2 udc
|4 0
|6 33843964_THUT
|7 1
|9 80407
|a UL
|b UL
|c REF
|d 2014-01-10
|o 338.439.64 THU T
|p T0000358
|r 2014-01-10
|w 2014-01-10
|y TH
|